[Event "Match"]
[Site "www.echecsemail.com"]
[Date "2018.09.20"]
[Round "1"]
[White "Mitja"]
[Black "Ssharp"]
[WhiteElo "1950"]
[BlackElo "2240"]
[Result "1/2-1/2"]
[Round "1"]
1.d4 d5
2.e3 Ng8f6
3.c3 e6
4.h3 c5
5.dxc5 Bf8xc5
6.Bf1b5 Bc8d7
7.Bb5xd7 Nb8xd7
8.Nb1d2 O-O
9.b3 Ra8c8
10.Bc1b2 e5
11.Ng1e2 Qd8b6
12.O-O Rf8d8
13.Ne2g3 Qb6e6
14.Nd2f3 e4
15.Nf3d4 Bc5xd4
16.cxd4 Nd7f8
17.Qd1e2 Rc8c6
18.Rf1c1 Rd8c8
19.Rc1xc6 Rc8xc6
20.Ra1c1 Rc6xc1
21.Bb2xc1 Qe6c6
22.Bc1b2 g6
23.Qe2d2 Nf8e6
24.Ng3e2 b6
25.a4 a6
26.Qd2c3 Qc6d7
27.Ne2g3 Nf6e8
28.f3 f5
29.fxe4 fxe4
30.Ng3e2 Ne8d6
31.Bb2a3 Nd6b7
32.Qc3c2 Nb7a5
33.Ba3b4 Qd7c6
34.Qc2d1 Na5b7
35.Ne2f4 Ne6xf4
36.exf4 a5
37.Bb4d2 b5
38.axb5 Qc6xb5
39.Qd1c2 Qb5d7
40.Bd2e3 Nb7d6
41.Qc2c5 Nd6f5
42.Be3c1 a4
43.bxa4 Qd7xa4
44.Qc5xd5 Kg7
45.Qd5b7 Kh6
46.Qb7b2 Qa4xd4
{ draw }
1/2-1/2

[Event "Tourn. n9955"]
[Site "www.echecsemail.com"]
[Date "2018.09.20"]
[Round "1"]
[White "Apdash"]
[Black "Fantomas"]
[WhiteElo "2150"]
[BlackElo "2130"]
[Result "1-0"]
[Round "1"]
1.e4 e5
2.Ng1f3 d6
3.d4 exd4
4.Nf3xd4 Bc8d7
5.Nb1c3 Ng8f6
6.Bf1c4 Nb8c6
7.O-O h6
8.Rf1e1 Nc6e5
9.Bc4b3 Bf8e7
10.f4 Ne5g6
11.e5 dxe5
12.fxe5 Bd7g4
13.Qd1d3 Kf8
14.exf6 Be7xf6
15.Bc1e3 Ng6e5
16.Qd3e4 c5
17.Nd4b5 { resign }
1-0

[Event "Tourn. n9926"]
[Site "www.echecsemail.com"]
[Date "2018.09.20"]
[Round "1"]
[White "Foxy100"]
[Black "Coolant"]
[WhiteElo "2320"]
[BlackElo "2360"]
[Result "1/2-1/2"]
[Round "1"]
1.e4 Nb8c6
2.Ng1f3 e5
3.Bf1b5 f5
4.Bb5xc6 dxc6
5.Nb1c3 fxe4
6.Nc3xe4 Ng8f6
7.d3 Nf6xe4
8.dxe4 Qd8xd1
9.Kxd1 Bf8d6
10.h3 Bc8e6
11.b3 Ra8d8
12.Ke2 O-O
13.Bc1g5 Rd8d7
14.c4 Rd7f7
15.Bg5e3 b6
16.Nf3g5 Rf7f6
17.c5 Bd6e7
18.Ng5xe6 Rf6xe6
19.Ra1c1 Rf8d8
20.Rh1d1 Kf7
21.b4 b5
22.Rd1xd8 Be7xd8
23.Rc1d1 Ke8
24.Rd1d3 Bd8f6
25.g3 Re6e7
26.Rd3a3 Kd7
27.Ra3xa7 g5
28.Ra7a8 Re7e8
29.Ra8xe8 Kxe8
30.Kd3 Kd7
31.Kc2 h5
32.Kb3 Kc8
33.a4 bxa4
34.Kxa4 Kb7
35.Be3d2 Ka6
36.Bd2c1 { draw }
1/2-1/2

[Event "Match"]
[Site "www.echecsemail.com"]
[Date "2018.09.20"]
[Round "1"]
[White "Aperturaf"]
[Black "Joskomol"]
[WhiteElo "2730"]
[BlackElo "2240"]
[Result "1-0"]
[Round "1"]
1.e4 e5
2.Ng1f3 Nb8c6
3.Bf1b5 Ng8f6
4.d3 d6
5.O-O Bf8e7
6.c3 a6
7.Bb5a4 O-O
8.Rf1e1 b5
9.Ba4b3 d5
10.exd5 Nf6xd5
11.a4 bxa4
12.Bb3xa4  { time }
1-0

[Event "Tourn. n9843"]
[Site "www.echecsemail.com"]
[Date "2018.09.20"]
[Round "1"]
[White "Szustan"]
[Black "Conde7"]
[WhiteElo "2640"]
[BlackElo "2790"]
[Result "0-1"]
[Round "1"]
1.e4 e5
2.Ng1f3 Nb8c6
3.Nb1c3 Ng8f6
4.d4 exd4
5.Nc3d5 Nc6b4
6.Nf3xd4 Nb4xd5
7.exd5 Nf6xd5
8.Nd4f5 Nd5e7
9.Bc1g5 f6
10.Bg5xf6 gxf6
11.Qd1h5 Ne7g6
12.O-O-O c6
13.Nf5h4 Bf8g7
14.Bf1d3 f5
15.Nh4xf5 Kf8
16.g3 Qd8f6
17.c3 d5
18.f4 Bc8xf5
19.Bd3xf5 Ng6e7
20.Bf5c2 Qf6f7
21.Qh5f3 h5
22.Rh1e1 Ra8e8
23.Kb1 Ne7f5
24.h3 Nf5d6
25.Qf3f2 b6
26.Bc2d3 Nd6e4
27.Bd3xe4 Re8xe4
28.Re1xe4 dxe4
29.Rd1e1 Qf7e6
30.f5 Qe6d5
31.Qf2e2 e3
32.Qe2xe3 Qd5xf5
33.Ka1 Bg7f6
34.g4 hxg4
35.hxg4 Qf5d5
36.Qe3f4 Kg7
37.a3 Rh8h1
38.Qf4c7 Kg6
39.Re1xh1 Qd5xh1
40.Ka2 b5
41.Qc7xa7 Qh1d5
42.Ka1 Qd5d1
43.Ka2 Qd1xg4
44.Qa7e3 Qg4c4
45.Ka1 Kf5
46.Qe3f3 Ke6
47.Qf3e3 Bf6e5
48.Qe3h6 Kd7
49.Qh6h7 Kd6
50.Qh7h6 Kd5
51.Qh6d2 Ke4
52.Qd2e1 Kf5
53.Qe1b1 Qc4e4
54.Qb1f1 Ke6
55.Qf1g1 Be5f4
56.Qg1d1 Bf4g3
57.Qd1b3 Kd6
58.c4 Qe4e1
59.Ka2 bxc4
60.Qb3xc4 Qe1e6
{ resign }
0-1

[Event "Tourn. n9902"]
[Site "www.echecsemail.com"]
[Date "2018.09.20"]
[Round "1"]
[White "Seger"]
[Black "Joskomol"]
[WhiteElo "2850"]
[BlackElo "2200"]
[Result "1-0"]
[Round "1"]
1.d4 d5
2.c4 e6
3.e3 Ng8f6
4.Ng1f3 c5
5.cxd5 exd5
6.Bf1b5 Bc8d7
7.Bb5xd7 Nb8xd7
8.dxc5 Nd7xc5
9.O-O Nf6e4
10.Qd1d4 Nc5e6
11.Qd4a4 Qd8d7
12.Qa4xd7 Kxd7
13.Rf1d1 Bf8b4
14.Rd1xd5 Kc6
15.Rd5d1 Ra8d8
16.Bc1d2 Rd8xd2
17.Nb1xd2 Rh8d8
18.Nd2xe4 Rd8d5
19.Ra1c1 { resign }
1-0

[Event "Match"]
[Site "www.echecsemail.com"]
[Date "2018.09.20"]
[Round "1"]
[White "Apdash"]
[Black "Fangshuo"]
[WhiteElo "2150"]
[BlackElo "2040"]
[Result "1-0"]
[Round "1"]
1.d4 c5
2.d5 d6
3.e4 Ng8f6
4.Nb1c3 e5
5.f4 Nb8d7
6.Ng1f3 exf4
7.Bc1xf4 Qd8a5
8.Bf1d3 Bf8e7
9.O-O O-O
10.e5 dxe5
11.Nf3xe5 Nd7xe5
12.Bf4xe5 Nf6g4
13.d6 Be7f6
14.Be5xf6 Ng4xf6
15.Qd1d2 Qa5b6
16.Kh1 Rf8d8
17.Ra1d1 Rd8d7
18.Rf1xf6 gxf6
19.Qd2h6 f5
20.Rd1e1 Rd7d8
21.Re1e3 Qb6xd6
22.Re3g3 Qd6g6
23.Rg3xg6 fxg6
24.Bd3c4 Kh8
25.Bc4f7 Bc8e6
26.Bf7xg6 Be6g8
27.Bg6xf5 Rd8f8
28.g4 a5
29.Qh6d6 c4
30.Qd6e5 { resign }
1-0

[Event "Tourn. n9947"]
[Site "www.echecsemail.com"]
[Date "2018.09.20"]
[Round "1"]
[White "Fantomas"]
[Black "Ff333"]
[WhiteElo "2080"]
[BlackElo "2160"]
[Result "1/2-1/2"]
[Round "1"]
1.c4 e5
2.d3 Ng8f6
3.Ng1f3 Bf8b4
4.Bc1d2 Qd8e7
5.Nb1c3 O-O
6.g3 Nb8c6
7.Bf1g2 b6
8.a3 Bb4c5
9.b4 Bc5d6
10.O-O h6
11.e3 e4
12.dxe4 Nf6xe4
13.Nc3xe4 Qe7xe4
14.Nf3d4 Qe4d3
15.Nd4xc6 dxc6
16.Bg2xc6 Ra8b8
17.Qd1c1 Bc8e6
18.Rf1d1 Qd3xc4
19.Qc1xc4 Be6xc4
20.Bd2c3 { draw }
1/2-1/2

[Event "Tourn. n9916"]
[Site "www.echecsemail.com"]
[Date "2018.09.20"]
[Round "1"]
[White "Cal"]
[Black "Madz123456"]
[WhiteElo "1710"]
[BlackElo "1750"]
[Result "0-1"]
[Round "1"]
1.Ng1f3 d5
2.d4 Bc8f5
3.a3 e6
4.Nb1c3 c6
5.b4 Ng8f6
6.Bc1f4 a5
7.b5 Nf6e4
8.Nc3xe4 dxe4
9.Nf3e5 f6
10.Ne5c4 cxb5
11.Nc4e3 Bf5g6
12.h3 b4
13.a4 Qd8c8
14.d5 Qc8c3
15.Qd1d2 Qc3xa1
16.Ne3d1 b3
17.cxb3 Bf8b4
18.e3 Bb4xd2
19.Kxd2 exd5
20.Bf1b5 Nb8d7
21.Bf4d6 d4
22.Rh1e1 Qa1a2
23.Kc1 Ra8c8
24.Bb5c4 d3
{ resign }
0-1

[Event "Tourn. n9878"]
[Site "www.echecsemail.com"]
[Date "2018.09.20"]
[Round "1"]
[White "Falcoale"]
[Black "Joskomol"]
[WhiteElo "1870"]
[BlackElo "1809"]
[Result "1-0"]
[Round "1"]
1.e4 e5
2.Ng1f3 Nb8c6
3.d4 exd4
4.Nf3xd4 Ng8f6
5.Nb1c3 Bf8c5
6.Nd4b3 Bc5b4
7.Bf1d3 Bb4xc3
8.bxc3 b6
9.O-O d6
10.Bc1g5 O-O
11.Nb3d4 Bc8b7
12.f4 Ra8b8
13.Nd4xc6 Bb7xc6
14.e5 dxe5
15.fxe5 Qd8d5
16.Qd1e2 Nf6e4
17.Bd3xe4 Qd5xe4
18.Qe2xe4 Bc6xe4
19.Rf1f2 h6
20.Bg5e3 Rf8e8
21.Be3f4 Rb8d8
22.Ra1c1 Kh7
23.Rf2e2 Be4c6
24.g3 g5
25.Bf4d2 Bc6d5
26.a3 Bd5c4
27.Re2f2 Re8xe5
28.h4 Bc4e2
29.Bd2e1 Kg6
30.c4 Be2xc4
31.Be1c3 Re5e3
32.hxg5 Re3xg3
33.Kh2 Rg3xc3
34.gxh6 Rd8d4
35.Rc1g1 Kh7
36.a4  { time }
1-0

[Event "Match"]
[Site "www.echecsemail.com"]
[Date "2018.09.20"]
[Round "1"]
[White "Joskomol"]
[Black "Pinehill"]
[WhiteElo "2240"]
[BlackElo "2080"]
[Result "0-1"]
[Round "1"]
1.e4 d5
2.exd5 Ng8f6
3.d4 Qd8xd5
4.Nb1c3 Qd5d8
5.Bf1c4 Bc8f5
6.Ng1f3 e6
7.O-O c6
8.Nf3h4 Bf5g6
9.Bc1g5 Bf8e7
10.f3 Nb8d7
11.Bc4b3 O-O
12.a3 Nf6d5
13.Nc3a4 Be7xg5
14.Rf1e1 Bg5xh4
15.Re1f1 Nd5e3
 { time }
0-1

[Event "Tourn. n9937"]
[Site "www.echecsemail.com"]
[Date "2018.09.20"]
[Round "1"]
[White "Roque1"]
[Black "Ditto"]
[WhiteElo "1730"]
[BlackElo "1850"]
[Result "1-0"]
[Round "1"]
1.e4 e5
2.Ng1f3 Nb8c6
3.Bf1b5 a6
4.Bb5a4 Bf8c5
5.O-O d6
6.Nb1c3 Bc8g4
7.d3  { time }
1-0

[Event "Match"]
[Site "www.echecsemail.com"]
[Date "2018.09.20"]
[Round "1"]
[White "Alekpax"]
[Black "Joskomol"]
[WhiteElo "2410"]
[BlackElo "2190"]
[Result "1-0"]
[Round "1"]
1.e4 d5
2.exd5 Ng8f6
3.Ng1f3 Nf6xd5
4.d4 e6
5.c4 Bf8b4
6.Bc1d2 Bb4xd2
7.Qd1xd2 Nd5f6
8.Qd2e3 O-O
9.Nb1c3 b6
10.Rh1g1 Nb8c6
11.O-O-O h6
12.g4 Bc8b7
13.g5 hxg5
14.d5 exd5
15.Qe3xg5 g6
16.cxd5 Nc6b4
17.Qg5h6 Nf6h7
18.Rd1d4 Qd8f6
19.Rd4xb4 Rf8d8
20.Rb4f4 Qf6g7
21.Qh6xg7 Kxg7
22.Nf3e5 f6
23.Rg1xg6  { time }
1-0

[Event "Tourn. n9943"]
[Site "www.echecsemail.com"]
[Date "2018.09.20"]
[Round "1"]
[White "Mitja"]
[Black "Bojan"]
[WhiteElo "1950"]
[BlackElo "1930"]
[Result "1-0"]
[Round "1"]
1.d4 e6
2.e3 d5
3.c3 c5
4.dxc5 Bf8xc5
5.Ng1f3 f6
6.h3 a6
7.b3 Ng8e7
8.Bc1b2 e5
9.Nb1a3 Bc8e6
10.Bf1e2 b5
11.Na3c2 Nb8c6
12.O-O Ne7g6
13.b4 Bc5b6
14.a3 e4
15.Nf3d4 Nc6xd4
16.Nc2xd4 Be6d7
17.Qd1c2 Bb6xd4
18.exd4 Qd8c8
19.Kh2 Qc8c7
20.Kh1 Ng6f4
21.Ra1e1 g6
22.Bb2c1 Bd7f5
23.Qc2d2 Nf4xe2
24.Re1xe2 Kf7
25.Bc1b2 g5
26.Qd2e3 Ra8g8
27.f3 exf3
28.Qe3xf3 Rg8g6
29.Qf3xf5 Rh8d8
30.Rf1e1 Rd8d7
31.Qf5e6 Kg7
32.Qe6xa6 h5
33.Qa6xb5 h4
34.Qb5d3 Kh6
35.Qd3f5 Qc7b7
36.Re2e6 Rd7f7
37.Bb2c1 Kg7
38.a4 Qb7c7
39.Bc1d2 Qc7g3
40.Qf5xd5 Kh7
41.Qd5f3 Qg3c7
42.a5 { resign }
1-0

[Event "1/64 Finale"]
[Site "www.chess-mail.com"]
[Date "2018.09.20"]
[Round "1"]
[White "Bojan"]
[Black "Joskomol"]
[WhiteElo "2030"]
[BlackElo "2240"]
[Result "1-0"]
[Round "1"]
1.e4 e5
2.Bf1c4 Qd8h4
3.Qd1f3 Ng8f6
4.d3 Bf8c5
5.Nb1c3 d6
6.h3 Bc8g4
7.Qf3g3 Qh4xg3
8.fxg3 g6
9.hxg4 h6
10.g5 hxg5
11.Rh1xh8 Ke7
12.Nc3d5 Ke6
13.Nd5xc7 Ke7
14.Ng1f3  { time }
1-0

[Event "1/64 Finale"]
[Site "www.chess-mail.com"]
[Date "2018.09.20"]
[Round "1"]
[White "Joskomol"]
[Black "Julian"]
[WhiteElo "2280"]
[BlackElo "1770"]
[Result "0-1"]
[Round "1"]
1.e4 c5
2.Nb1c3 Nb8c6
3.Ng1f3 d6
4.Bf1b5 Bc8d7
5.O-O e6
6.Bb5xc6 Bd7xc6
7.d3 Ng8f6
8.Rf1e1 Bf8e7
9.Nc3e2 O-O
 { time }
0-1

[Event "1/64 Finale"]
[Site "www.chess-mail.com"]
[Date "2018.09.20"]
[Round "1"]
[White "J1j6"]
[Black "Mitja"]
[WhiteElo "2020"]
[BlackElo "1950"]
[Result "1/2-1/2"]
[Round "1"]
1.c4 d5
2.e3 dxc4
3.Bf1xc4 e6
4.d4 c6
5.Nb1c3 Ng8f6
6.Ng1f3 Bf8e7
7.a3 b6
8.b4 Bc8b7
9.Bc1b2 h6
10.Qd1b3 Nb8a6
11.Nf3e5 Na6c7
12.f3 Nc7d5
13.Nc3xd5 exd5
14.Bc4d3 O-O
15.Ra1c1 Ra8c8
16.O-O Be7d6
17.Qb3a4 Bd6xe5
18.dxe5 Nf6h7
19.Qa4xa7 Qd8c7
20.Qa7a4 b5
21.Qa4c2 Nh7g5
22.f4 Ng5e6
23.f5 Ne6d8
24.f6 Nd8e6
25.fxg7 Ne6xg7
26.Qc2c3 Ng7e6
27.Rf1f3 Rc8d8
28.Rf3g3 Kh8
29.Rg3h3 Kg7
30.Rc1f1 Rf8h8
31.Rh3g3 Kf8
32.Bd3f5 Ke7
33.Bf5xe6 Kxe6
34.Rf1f6 { draw }
1/2-1/2

[Event "Match"]
[Site "www.echecsemail.com"]
[Date "2018.09.21"]
[Round "1"]
[White "Cvilhena1976"]
[Black "Alekpax"]
[WhiteElo "2150"]
[BlackElo "2410"]
[Result "0-1"]
[Round "1"]
1.e4 e5
2.Nb1c3 Ng8f6
3.Ng1f3 Nb8c6
4.Bf1b5 Bf8c5
5.O-O O-O
6.Nf3xe5 Nc6xe5
7.d4 Bc5d6
8.dxe5 Bd6xe5
9.Qd1d3 c6
10.Bb5c4 b5
11.Bc4b3 a5
12.a3 Bc8a6
13.Nc3e2 d5
14.exd5 cxd5
15.Rf1d1 a4
16.Bb3xd5 b4
17.Qd3f3 Nf6xd5
18.Rd1xd5 Qd8c7
19.Rd5d2 Be5xh2
20.Kh1 Ra8e8
21.axb4 Re8e6
22.Ra1xa4 Ba6b7
23.Qf3c3 Re6c6
24.Qc3h3 Rc6h6
25.Qh3xh6 gxh6
26.b5 Bh2e5
27.Kg1 Qc7b6
28.Ra4b4 Qb6g6
29.g3 Rf8e8
30.Kf1 Be5c7
31.Rb4h4 Qg6e6
32.Kg1 Bb7f3
{ resign }
0-1

[Event "Match"]
[Site "www.echecsemail.com"]
[Date "2018.09.21"]
[Round "1"]
[White "Apdash"]
[Black "Aiko1603"]
[WhiteElo "2090"]
[BlackElo "2120"]
[Result "1-0"]
[Round "1"]
1.d4 Ng8f6
2.c4 e6
3.Nb1c3 c5
4.d5 exd5
5.cxd5 g6
6.e4 d6
7.Ng1f3 Bc8g4
8.Bf1e2 Bf8g7
9.Bc1g5 Qd8b6
10.Qd1c2 O-O
11.O-O Nb8d7
12.h3 Bg4xf3
13.Be2xf3 Nd7e5
14.Bf3e2 a6
15.f4 Ne5d7
16.Be2g4 h5
17.Bg4xd7 Nf6xd7
18.Kh1 Bg7d4
19.Ra1d1 Kh7
20.f5 Nd7e5
21.Rf1f4 Bd4e3
22.fxg6 Kxg6
23.Rf4f6 Kxg5
24.Rd1f1 Ne5g6
25.Qc2e2 c4
26.Rf6xd6 Qb6xd6
27.Qe2xe3 Ng6f4
28.e5 Qd6e7
29.Qe3xf4 Kg6
30.Rf1f3 Rf8g8
31.Nc3e4 f5
32.Qf4xf5 Kh6
33.Qf5f4 Kg7
34.Rf3g3 Kh8
35.Ne4f6 { resign }
1-0

[Event "Match"]
[Site "www.echecsemail.com"]
[Date "2018.09.21"]
[Round "1"]
[White "Ssharp"]
[Black "Bojan"]
[WhiteElo "2260"]
[BlackElo "1950"]
[Result "1-0"]
[Round "1"]
1.e4 e5
2.f4 Nb8c6
3.Ng1f3 exf4
4.d4 d5
5.e5 h6
6.Bc1xf4 a6
7.Nb1d2 Bc8e6
8.c3 Ng8e7
9.Bf1d3 Ne7g6
10.Bf4e3 Nc6a7
11.Bd3xg6 fxg6
12.Qd1c2 Be6f5
13.Qc2b3 Ra8b8
14.O-O Bf8e7
15.c4 Bf5e6
16.cxd5 Be6xd5
17.Qb3c2 Bd5f7
18.d5 Qd8xd5
19.Be3xa7 Rb8c8
20.Ba7e3 c5
21.b3 Rc8c6
22.Ra1d1 Qd5e6
23.Nd2c4 b6
24.Be3f4 g5
25.Nc4d6 Kf8
26.Nd6xf7 Kxf7
27.Bf4xg5 Kg8
28.Bg5xe7 Qe6xe7
29.Qc2c4 Kh7
30.Qc4e4 Rc6g6
31.Rd1d6 { resign }
1-0

[Event "Tourn. n9887"]
[Site "www.echecsemail.com"]
[Date "2018.09.21"]
[Round "1"]
[White "Osopanda"]
[Black "J1j6"]
[WhiteElo "1830"]
[BlackElo "1940"]
[Result "0-1"]
[Round "1"]
1.e4 Ng8f6
2.Nb1c3 e5
3.Ng1f3 Bf8c5
4.d4 exd4
5.Nf3xd4 c6
6.Bc1e3 Qd8b6
7.Bf1c4 Qb6xb2
8.Nc3a4 Qb2b4
9.c3 Qb4xc4
10.e5 Nf6e4
11.Na4xc5 Qc4xc3
12.Kf1 Qc3xc5
13.Nd4e6 Qc5c4
14.Kg1 Qc4xe6
15.h4 Qe6xe5
16.Rh1h3 d5
17.Be3d4 Qe5f4
18.Rh3f3 Qf4xh4
19.g3 Qh4h5
20.Rf3f4 Qh5xd1
21.Ra1xd1 O-O
22.Kg2 Bc8e6
23.f3 Ne4g5
24.g4 f5
25.gxf5 Rf8xf5
26.Rf4xf5 Be6xf5
27.Kg3 Ng5e6
28.Bd4e5 Nb8d7
29.f4 h5
30.Kh4 Nd7xe5
31.fxe5 Bf5g4
32.Rd1b1 g5
33.Kg3 b5
34.Rb1c1 { time. }
0-1

[Event "Tourn. n9939"]
[Site "www.echecsemail.com"]
[Date "2018.09.21"]
[Round "1"]
[White "Darko10"]
[Black "Dougbeer"]
[WhiteElo "2850"]
[BlackElo "2250"]
[Result "1-0"]
[Round "1"]
1.d4 f5
2.Bc1g5 g6
3.Nb1c3 Bf8g7
4.e3 Ng8h6
5.h4 Nh6f7
6.Ng1f3 d5
7.Nc3e2 Nb8d7
8.Ne2f4 Nd7f8
9.Nf4d3 Nf8e6
10.c3 a5
11.Bg5f4 a4
12.Ra1c1 O-O
13.Nd3e5 Ne6xf4
14.exf4 Nf7xe5
15.dxe5 h5
16.c4 c6
17.cxd5 cxd5
18.Rh1h3 Bg7h6
19.Qd1d4 Qd8a5
20.Nf3d2 e6
21.Rh3g3 Kh7
22.Rg3c3 Kh8
23.Rc3c7 Rf8d8
24.Kd1 Bh6f8
25.a3 Bc8d7
26.Rc7xb7 Ra8c8
27.Rc1xc8 Bd7xc8
28.Qd4b6 Qa5xb6
29.Rb7xb6 Bf8c5
30.Rb6b8 Rd8g8
31.Ke1 Bc8d7
32.Rb8b7 Bd7c8
33.Rb7b5 Bc5e7
34.g3 { resign }
1-0

[Event "Tourn. n9947"]
[Site "www.echecsemail.com"]
[Date "2018.09.21"]
[Round "1"]
[White "Fantomas"]
[Black "Gandalf50"]
[WhiteElo "2100"]
[BlackElo "2150"]
[Result "1/2-1/2"]
[Round "1"]
1.e4 Ng8f6
2.Nb1c3 d5
3.exd5 Nf6xd5
4.Nc3e4 Nb8c6
5.Bf1b5 Bc8d7
6.Ne4c5 Qd8c8
7.Nc5xd7 Qc8xd7
8.d3 g6
9.c3 Bf8g7
10.Qd1f3 O-O
11.Ng1e2 a6
12.Bb5a4 b5
13.Ba4b3 e6
14.d4 Nc6a5
15.Bb3c2 Na5c4
16.b3 Nc4d6
17.O-O Ra8c8
18.Bc2d3 a5
19.Bc1d2 c5
20.dxc5 Rc8xc5
21.Ra1c1 Nd6f5
22.Rf1d1 Rf8d8
23.Bd3b1 Qd7c7
24.b4 axb4
25.cxb4 Rc5xc1
26.Rd1xc1 Qc7b8
27.Bd2e1 Rd8c8
28.Rc1xc8 { draw }
1/2-1/2

[Event "Tourn. n9937"]
[Site "www.echecsemail.com"]
[Date "2018.09.21"]
[Round "1"]
[White "Cal"]
[Black "Roque1"]
[WhiteElo "1750"]
[BlackElo "1730"]
[Result "1-0"]
[Round "1"]
1.c4 e6
2.a3 Nb8c6
3.h3 Ng8f6
4.Nb1c3 Bf8e7
5.Ng1f3 O-O
6.e3 d6
7.d4 b6
8.Bf1d3 Bc8b7
9.O-O Qd8d7
10.e4 e5
11.d5 Nc6d8
12.Bc1g5 c6
13.Bg5xf6 Be7xf6
14.Nf3h2 cxd5
15.cxd5 a5
16.f4 g6
17.Nh2g4 Bf6g7
18.b3 Bb7c8
19.f5 Nd8b7
20.Bd3b5 Qd7c7
21.f6 Bg7h8
22.Ng4h6 
1-0

[Event "Tourn. n9933"]
[Site "www.echecsemail.com"]
[Date "2018.09.21"]
[Round "1"]
[White "Ff333"]
[Black "Apdash"]
[WhiteElo "2120"]
[BlackElo "2080"]
[Result "0-1"]
[Round "1"]
1.e4 e5
2.Bf1c4 Ng8f6
3.d3 Bf8c5
4.Ng1f3 Nb8c6
5.a3 O-O
6.Nb1c3 d6
7.h3 h6
8.Bc1d2 Qd8e7
9.Qd1c1 Kh7
10.b4 Bc5d4
11.Nf3xd4 Nc6xd4
12.Nc3d5 Nf6xd5
13.Bc4xd5 c6
14.Bd5a2 f5
15.c3 Nd4b5
16.a4 Nb5c7
17.O-O f4
18.g3 Bc8xh3
19.Rf1e1 fxg3
20.fxg3 Rf8f3
21.Re1e3 Rf3f1
22.Qc1xf1 Bh3xf1
23.Ra1xf1 Ra8f8
24.Re3f3 Rf8xf3
25.Rf1xf3 d5
26.exd5 cxd5
27.Kg2 a5
28.Ba2b3 axb4
29.cxb4 e4
30.Rf3e3 Qe7f6
31.dxe4 Qf6b2
32.Re3d3 dxe4
33.Rd3d8 Qb2xb3
{ resign }
0-1

[Event "Tourn. n9933"]
[Site "www.echecsemail.com"]
[Date "2018.09.21"]
[Round "1"]
[White "Ff333"]
[Black "Tarasch"]
[WhiteElo "2130"]
[BlackElo "2190"]
[Result "1/2-1/2"]
[Round "1"]
1.e4 c6
2.d4 d5
3.e5 Bc8f5
4.Bf1d3 Bf5xd3
5.Qd1xd3 e6
6.Ng1f3 Qd8a5
7.Nb1c3 Qa5a6
8.Qd3e2 Bf8b4
9.Bc1d2 Ng8e7
10.a3 Bb4a5
11.Qe2xa6 Nb8xa6
12.Nc3a4 Ba5xd2
13.Nf3xd2 O-O
14.Nd2b3 b6
15.Na4c3 Rf8c8
16.O-O { draw }
1/2-1/2

[Event "Tourn. n9922"]
[Site "www.echecsemail.com"]
[Date "2018.09.21"]
[Round "1"]
[White "Rons"]
[Black "Pdebonis"]
[WhiteElo "2640"]
[BlackElo "2700"]
[Result "1/2-1/2"]
[Round "1"]
1.e4 e5
2.Ng1f3 Nb8c6
3.Bf1b5 a6
4.Bb5a4 Ng8f6
5.O-O Bf8e7
6.Rf1e1 d6
7.c3 Bc8g4
8.d4 b5
9.Ba4b3 O-O
10.Bc1e3 exd4
11.cxd4 Nc6a5
12.Bb3c2 c5
13.h3 Bg4h5
14.dxc5 dxc5
15.Nb1c3 Na5c4
16.Qd1e2 Nc4xb2
17.a4 b4
18.Nc3d1 Bh5xf3
19.gxf3 Nb2xd1
20.Ra1xd1 Qd8c7
21.Be3c1 Nf6h5
22.e5 c4
23.e6 Nh5f6
24.Rd1d4 Be7c5
25.Bc1f4 Qc7a7
26.Rd4xc4 Rf8e8
27.Bc2f5 fxe6
28.Bf5xe6 Kh8
29.Kg2 Qa7b6
30.Qe2c2 Nf6h5
{ draw }
1/2-1/2

[Event "Tourn. n9901"]
[Site "www.echecsemail.com"]
[Date "2018.09.22"]
[Round "1"]
[White "Roque1"]
[Black "Deneb"]
[WhiteElo "1730"]
[BlackElo "1600"]
[Result "0-1"]
[Round "1"]
1.e4 c5
2.Ng1f3 d6
3.d4 cxd4
4.Nf3xd4 Ng8f6
5.Nb1c3 a6
6.Bf1e2 e5
7.Nd4b3 Bf8e7
8.O-O O-O
9.Bc1e3 Bc8e6
10.Qd1d2 Nb8d7
11.Nb3c1 Ra8c8
12.Nc1b3 Nd7b6
13.Nb3a5 Qd8c7
14.b4 Qc7xc3
15.Qd2xc3 Rc8xc3
16.Be3xb6 Nf6xe4
17.Be2d3 Ne4f6
18.f3 Nf6d5
19.Bb6f2 b6
20.Na5b3 Nd5xb4
21.Bf2xb6 Nb4xd3
22.cxd3 Rc3xd3
23.Ra1c1 Be6xb3
24.axb3 Rd3xb3
25.Rc1c6 d5
26.Rf1c1 Be7g5
27.Rc1c5 Rb3xb6
28.Rc6c7 Bg5e3
{ resign }
0-1

[Event "Tourn. n9898"]
[Site "www.echecsemail.com"]
[Date "2018.09.22"]
[Round "1"]
[White "Numanoid"]
[Black "Alekpax"]
[WhiteElo "2520"]
[BlackElo "2410"]
[Result "1/2-1/2"]
[Round "1"]
1.e4 e5
2.Ng1f3 Nb8c6
3.d4 exd4
4.Nf3xd4 Ng8f6
5.Nd4xc6 bxc6
6.e5 Qd8e7
7.Qd1e2 Nf6d5
8.h4 Qe7e6
9.Nb1d2 d6
10.exd6 Bf8xd6
11.Nd2c4 Bd6c5
12.Bc1d2 O-O
13.O-O-O Qe6xe2
14.Bf1xe2 Bc5xf2
15.Be2f3 Rf8e8
16.Nc4a5 Bc8d7
17.b3 Ra8d8
18.Kb2 Bf2b6
19.a3 Nd5e7
20.c4 Bd7c8
21.Bd2c3 Rd8d6
22.a4 Kf8
23.Rd1xd6 cxd6
24.Na5xc6 Ne7xc6
25.Bf3xc6 Re8e2
26.Ka3 a5
27.b4 Re2e3
28.Rh1c1 Bc8e6
29.Kb3 axb4
30.Kxb4 Ke7
31.a5 Bb6c5
32.Kb5 Kd8
33.Bc6d5 { draw }
1/2-1/2

[Event "Match"]
[Site "www.echecsemail.com"]
[Date "2018.09.22"]
[Round "1"]
[White "Chapi"]
[Black "Zack1984"]
[WhiteElo "2090"]
[BlackElo "1370"]
[Result "0-1"]
[Round "1"]
1.d4 Ng8f6
2.c4 g6
3.Nb1c3 Bf8g7
4.Ng1f3 d5
5.cxd5 Nf6xd5
6.e4 Nd5xc3
7.bxc3 c5
8.Bf1c4 Nb8c6
9.Bc4b5 cxd4
10.cxd4 Qd8a5
11.Bc1d2 Qa5xb5
12.Ra1b1 Qb5d3
13.Rb1b3 Qd3xe4
14.Rb3e3 Qe4d5
15.Bd2c3 O-O
16.O-O Rf8d8
17.Rf1e1 Qd5xa2
18.Re1e2 Qa2d5
19.Nf3e5 Nc6xe5
20.Re3xe5 Bg7xe5
21.Re2xe5 Qd5xe5
{ resign }
0-1

[Event "Tourn. n9933"]
[Site "www.echecsemail.com"]
[Date "2018.09.22"]
[Round "1"]
[White "Tarasch"]
[Black "Fantomas"]
[WhiteElo "2190"]
[BlackElo "2090"]
[Result "1-0"]
[Round "1"]
1.d4 d5
2.c4 e6
3.Nb1c3 Ng8f6
4.Bc1g5 Bf8e7
5.e3 O-O
6.Ng1f3 b6
7.cxd5 Nf6xd5
8.Bg5xe7 Qd8xe7
9.Nc3xd5 exd5
10.Bf1d3 h6
11.O-O Bc8b7
12.Ra1c1 c6
13.Rf1e1 f5
14.Nf3e5 Qe7f6
15.Qd1h5 Bb7c8
16.Qh5g6 a5
17.Rc1c2 Qf6xg6
18.Ne5xg6 Rf8f6
19.Ng6e7 Kf7
20.Ne7xc8 Nb8d7
21.Nc8xb6 Nd7xb6
22.Re1c1 { resign }
1-0

[Event "Tourn. n9939"]
[Site "www.echecsemail.com"]
[Date "2018.09.22"]
[Round "1"]
[White "Numanoid"]
[Black "Dougbeer"]
[WhiteElo "2560"]
[BlackElo "2250"]
[Result "1/2-1/2"]
[Round "1"]
1.e4 e6
2.d4 d5
3.e5 c5
4.c3 Nb8c6
5.Ng1f3 Bc8d7
6.Bf1e2 f6
7.O-O Qd8c7
8.Rf1e1 fxe5
9.Nf3xe5 Nc6xe5
10.dxe5 O-O-O
11.c4 Qc7xe5
12.cxd5 exd5
13.Be2f3 Qe5f5
14.Bf3xd5 Ng8f6
15.Bd5f3 Bd7c6
16.Nb1d2 Bc6xf3
17.Qd1xf3 Qf5xf3
18.Nd2xf3 Bf8d6
19.b3 Rh8e8
20.Bc1b2 Bd6c7
21.Re1xe8 Rd8xe8
22.Kf1 Kd7
23.Ra1c1 Bc7d6
24.h3 { draw }
1/2-1/2

[Event "Match"]
[Site "www.echecsemail.com"]
[Date "2018.09.22"]
[Round "1"]
[White "Deneb"]
[Black "Chapi"]
[WhiteElo "2040"]
[BlackElo "2080"]
[Result "1-0"]
[Round "1"]
1.e4 c5
2.Ng1f3 Nb8c6
3.Nb1c3 d6
4.d4 cxd4
5.Nf3xd4 g6
6.Bc1e3 Bf8g7
7.Qd1d2 Ng8f6
8.f3 O-O
9.Bf1c4 a6
10.Bc4b3 Nf6d7
11.O-O-O Nd7c5
12.Bb3xf7 Rf8xf7
13.Nd4xc6 bxc6
14.Be3xc5 Qd8a5
15.Bc5d4 Bc8e6
16.Bd4xg7 Kxg7
17.b3 Ra8b8
18.h4 h5
19.Kb2 c5
20.Qd2g5 Qa5d8
21.g4 Qd8h8
22.e5 Rb8b6
23.exd6 exd6
24.Rd1g1 Rf7xf3
25.gxh5 Be6f5
26.Rg1f1 Bf5xc2
27.Rf1xf3 Bc2xb3
28.Qg5xg6 
1-0

[Event "Tourn. n9955"]
[Site "www.echecsemail.com"]
[Date "2018.09.22"]
[Round "1"]
[White "Add"]
[Black "Fantomas"]
[WhiteElo "2240"]
[BlackElo "2130"]
[Result "1/2-1/2"]
[Round "1"]
1.e4 e5
2.Ng1f3 Nb8c6
3.d4 exd4
4.Nf3xd4 Nc6xd4
5.Qd1xd4 Qd8f6
6.Qd4xf6 Ng8xf6
7.Bf1d3 d6
8.O-O Bf8e7
9.Nb1c3 O-O
10.Bc1g5 c6
11.Rf1e1 h6
12.Bg5h4 g5
13.Bh4g3 Nf6h5
14.Nc3e2 Nh5xg3
15.Ne2xg3 Be7f6
16.c3 Bf6e5
17.Ng3f5 Kh7
18.Nf5xd6 Be5xd6
19.e5 Kg7
20.exd6 Bc8e6
21.Re1d1 Ra8d8
22.Bd3c2 Rd8d7
23.b3 Rf8d8
{ draw }
1/2-1/2

[Event "Tourn. n9905"]
[Site "www.echecsemail.com"]
[Date "2018.09.22"]
[Round "1"]
[White "Stepanpech"]
[Black "Gidgud"]
[WhiteElo "2490"]
[BlackElo "2360"]
[Result "1-0"]
[Round "1"]
1.e4 e6
2.d4 d5
3.Nb1c3 Ng8f6
4.Bc1g5 Bf8e7
5.e5 Nf6d7
6.Bg5xe7 Qd8xe7
7.f4 a6
8.Ng1f3 c5
9.Qd1d2 Nb8c6
10.dxc5 Nd7xc5
11.Bf1d3 Nc5xd3
12.cxd3 b5
13.Ra1c1 Bc8b7
14.O-O h6
15.Nc3e2 O-O
16.Ne2d4 Nc6xd4
17.Nf3xd4 Ra8c8
18.a3 Qe7d7
19.b4 Rc8xc1
20.Rf1xc1 Rf8c8
21.Rc1c5 Rc8xc5
22.bxc5 Qd7c7
23.Qd2c3 Kf8
24.c6 Bb7c8
25.Qc3c5 Ke8
26.Kf1 Qc7e7
27.Qc5d6 Qe7d8
28.Qd6b8 Ke7
29.c7 Qd8e8
30.Qb8b6 Qe8d7
31.Nd4c6 Ke8
32.Qb6b8 { resign }
1-0